01461cam a22003974i 4500003000900000005001700009008004100026020001500067035002700082040003300109082001900142100003000161245011000191264006500301300003800366336002100404337002500425338002300450504002800473505033200501526001000833526001000843526001000853526001000863526000800873526000800881526000800889526000800897526000800905526000800913526000800921650004100929650004300970650002501013650002501038PE-LiUPU20250731173006.0150623s r 000 0 d a0310216559 a(Sirsi) i9780310216551 aPE-LiUPUbspacPE-LiUPUerda04a253.5bB482211 aBierly, Steve R.,eautor.10aHow to thrive as a small-church pastor: a guide to spiritual and emotional well-being /cSteve R. Bierly. 1aGrand Rapids, Michigan :bZondervan Publishing House,c1998. a187 páginas ;c20 centímetros atext2rdacontent aunmediated2rdamedia avolume2rdacarrier aIncluye bibliografía.0 aThe Way of All Flesh.- Tempests in a Teapot.- The Ecstasy in the Agony.- We`re Not in Kansas Anymore.- Get a Life.- Who Was That Masked Man?.- Pastor Yourself.- Fragile - Handle With Care.- Two-timing the Day-timer.- To Thine Owan Self Be True.- A God`s - eye View.- I`m Not the Messiah.- The Only Thing to Fear Is Fear Itself. aSEG42 aSEG41 aSEG40 aSEG39 aP94 aP87 aP86 aP85 aP77 aP76 aP3504aPastores (Religión)xPsicología.04aPastores (Religión)xVida religiosa.04aPequeñas iglesias.04aTeología pastoral.